MARC

LEADER 00000nam0a2200000 4500
001 310077
005 20231102002243.0
020 |a RU  |b 81-50780 
035 |a (RuTPU)RU\TPU\book\335418 
090 |a 310077 
100 |a 20151120d1981 m y0rusy5003 ca 
101 0 |a rus 
102 |a RU 
105 |a y z 000zy 
200 1 |a Идеологическая борьба и молодежь  |f В. Т. Лисовский  |g Общество "Знание" РСФСР 
210 |a Ленинград  |c Знание  |d 1981 
215 |a 36 с. 
225 1 |a В помощь лектору 
606 |a Идеологическая борьба  |2 stltpush  |3 (RuTPU)RU\TPU\subj\12180  |9 39013 
610 1 |a СССР 
610 1 |a капиталистические страны 
610 1 |a молодежь 
686 |a Ф4(0)5  |2 rubbk 
700 1 |a Лисовский  |b В. Т.  |g Владимир Тимофеевич 
712 0 2 |a Общество "Знание" РСФСР  |c (Ленинград)  |2 stltpush  |3 (RuTPU)RU\TPU\col\7484 
801 0 |a RU  |b RuMRKP  |c 19950704  |g psbo 
801 1 |a RU  |b 63413507  |c 20151120 
801 2 |a RU  |b 63413507  |c 20180711  |g RCR 
942 |c BK